Ilustrace

Bibliographic Details
Main Author: Stehlíková, Blanka, 1933- (Author)
Other Authors: Neubert, Ladislav, 1927-2013 (Photographer)
Format: Book
Language:Czech
Published: Praha Odeon 1984
Edition:1.vyd.
Series:Soudobé české umění
Subjects:

MARC

LEADER 00000cam a2200000 a 4500
001 vtls008285466
003 SK-MaSNL
005 20260302074112.0
008 240314s1984 xr a g 000 0dcze
020 |q (brož.) 
035 |a SVKPOKN096945 
040 |a SNK  |b slo  |c SNK  |e AACR2 
041 0 |a cze 
043 |a e-xr--- 
044 |a xr  |c CZ 
072 7 |a 72/76  |x Výtvarné umenie  |2 konspekt 
080 |a 74/76.05  |2 2001 
080 |a 74/76.05.071.1  |2 2001 
080 |a (437.3)  |2 2001 
080 |a (036)  |2 2001 
080 |a (084.11)  |2 2001 
100 1 |a Stehlíková, Blanka,  |d 1933-  |4 aut  |9 106445 
245 1 0 |a Ilustrace  |c Blanka Stehlíková ; [předlohy k reprodukcím Ladislav Neubert] 
250 |a 1.vyd. 
260 |a Praha  |b Odeon  |c 1984 
300 |a 71 s.  |b ilustr.  |c 15 cm 
366 |e 7000 výt. 
490 1 |a Soudobé české umění 
500 |a Biogr. údaje 
648 7 |a 20. stor.  |2 SNKPH  |9 275975 
650 0 7 |a ilustrátori  |2 SNKPH  |9 82580 
650 0 7 |a knižné ilustrácie  |2 SNKPH  |9 2742 
651 7 |a Česko  |2 SNKPH  |9 16753 
655 7 |a informačné publikácie  |2 SNKPH  |9 70181 
655 7 |a obrazové publikácie  |2 SNKPH  |9 70343 
700 1 |a Neubert, Ladislav,  |d 1927-2013  |4 pht  |9 256130 
830 0 |a Soudobé české umění  |9 739315 
958 |a OND 
999 |c 1163713  |d 1165643 
952 |a SNK  |b SNK  |y VYP  |7 0  |p 17A0557945  |o snkIE 7864 D1  |i snkKIP 1152/84  |0 0  |1 1  |4 0  |d 2007-08-21  |l 0  |r 2026-02-24 20:41:02  |w 2026-02-24 
952 |a SNK  |b SNK  |y VYP  |7 0  |p 17A0475754  |o snkIE 7864  |i snkKIP 1151/84  |0 0  |1 0  |4 0  |d 2007-09-17  |l 0  |r 2026-02-24 20:41:03  |w 2026-02-24